000 01230nam0a22002771 4500
001 rc\4594735
005 20260407123534.0
035 _a(NLR Aleph) 008385537
090 _a9144664
_c9144664
100 _a20130416d1966 |||y0rusy50 ca
101 0 _arus
102 _aRU
105 _ay c |||||
200 1 _aМеханику самолетного радиотехнического оборудования
_eОператору самолетных РЛС
_eКраткий указатель литературы по специальности
_fЦентр. воен.-мор. б-ка
210 _aЛенинград
_cБ. и.
_d1966
215 _a16 с.
_d11
225 1 _aВ помощь матросу и сержанту авиации Военно-Морского флота
300 _aВ вып. дан.: сост. кап. 1 ранга запаса С.Н. Хонес
333 _aПродаже не подлежит
702 1 _aХонес
_bН.С.
_4220
712 0 2 _aЦентральная военно-морская библиотека
_cЛенинград
_3RU\NLR\AUTH\889962853
_9422007
801 0 _aRU
_bNLR
_gpsbo
801 1 _aRU
_bELAR
_2rusmarc
852 _aNLR
_j50К/7524
942 _cBOOK
980 _aNB